1071 1808 1451 1308 1689 1889 1003 1301 1595 1761 1086 1582 1309 1978 1372 1325 1083 1163 1022 1252 1147 1623 1574 1307 1528 1116 1966 1878 1626 1865 1202 1441 1323 1820 1076 1056 1213 1376 1603 1956 1750 1745 1771 1990 1477 1394 1044 1966 1439 1713 1858 1740 1449 1858 1798 1182 1886 1263 1549 1051 1107 1707 1279 1520 1457 1234 1002 1385 1089 1502 1055 1435 1611 1596 1951 1187 1092 1209 1566 1091 1962 1338 1299 1416 1965 1275 1603 1961 1408 1374 1204 1416 1456 1669 1354 1046 1085 1281 1107 BCNSPRNW ULIB Ver.6.0+V

เปลี่ยนเป็นภาษาไทย

Change to English
 แสดงรายละเอียดบรรณานุกรม
  กลับหน้าหลัก

Brief Record : Get Marc (ISO 2709) : E-mail record : QR code < ปิดหน้าต่าง
LEADER : 00000nam 2200000uu 4500
001    13399123170
003     ULIB
008    130709s2551||||th 000 0 tha d
020    ^a9789740466680
090    ^aนว.^bS788
100 0  ^aStanley
245 00 ^aยุ่งนักเจอรักนายเจ้าพ่อ/^cStanley&Waraporn
250    ^aพิมพ์ครั้งที่ 1
260    ^aกรุงเทพฯ :^bนกฮูก,^c2551
300    ^a173หน้า
700 0  Waraporn
710 1  ^aนกฮูก
945    ^p149^l0^i20318
995    ^aทศพร
999    ^aทศพร เกษรทอง
รายการนี้ยังไม่มีแท็ก
คุณยังไม่ได้ล็อกอิน คุณสามารถมีกิจกรรมร่วมกับเว็บไซต์ได้ แต่ต้องล็อกอินก่อน ::
  ล็อกอิน

รายการสื่อสารสนเทศ

ลำดับที่ ประเภท เลขเรียก/บาร์โค้ด สถานที่ สถานะ
1. นวนิยาย
นวนิยาย
นว. S788 ฉ.1 
  Barcode: 20318
ห้องสมุดวิทยาเขตนครสวรรค์
►นวนิยาย:l:Fiction
บนชั้น

รายการใกล้เคียง
    ผู้แต่ง [Stanley]

BibComment


ยังไม่เคยถูกคอมเมนท์

คอมเมนท์ทรัพยากรรายการนี้
  คอมเมนท์: ยุ่งนักเจอรักนาย..


 Copyright 2026. Bcnsprnw @Library